| 000 | 01043nam a2200205Ia 4500 | ||
|---|---|---|---|
| 003 | OSt | ||
| 005 | 20241029104033.0 | ||
| 007 | ca aa aaaaa | ||
| 008 | 201103s9999 xx 000 0 und d | ||
| 040 | _cSSBUL | ||
| 041 | _abur | ||
| 082 |
_223 _a၂၉၄.၃၄၄၃ မိုး _b၉၂၉၀ S-SAT |
||
| 100 | 0 | _aမိုးကုတ်ဆရာတော်ဘုရားကြီး။ | |
| 245 | 1 | 0 |
_aဝိပဿနာခြံရံတဲ့အလှူသည်သာအမြတ်ဆုံးအလှူ / _cမိုးကုတ်ဆရာတော်ဘုရားကြီး။ |
| 260 |
_aရန်ကုန် ၊ _bမိုးကုတ်ဝိပဿနာတရားစဉ်နှင့်လုပ်ငန်းစဉ်ပြန့်ပွားရေးအဖွဲ့၊ _c၂၀၀၃။ |
||
| 300 |
_a၅၈ စာမျက်နှာ ၊ _c၁၉ စင်တီ။ |
||
| 500 | _aS-SAT: Prof. Sai Aung Tun | ||
| 650 |
_aဗုဒ္ဓဘာသာ _xတရားတော် _913507 |
||
| 942 |
_cBK1 _2ddc |
||
| 999 |
_c16820 _d16820 |
||